Southville International School and Colleges
Your cart is empty.
  • Cart
  • Lists
    Public lists Eva Luna New books Lux_list list_1
    Your lists Log in to create your own lists
  • Log in to your account
  • Your cookies
  • Search history
Southville International School and Colleges
  • Advanced search
  • Recent comments
  • Most popular
  • Libraries

Log in to your account

Log in with GOOGLE


If you do not have an external account, but do have a local account, you can still log in:

  1. Home
  2. MARC view: Can it rain cats and dogs? :
Normal view MARC view ISBD view

Can it rain cats and dogs? : (Record no. 358304)

[ view plain ]
MARC details
000 -LEADER
fixed length control field 00828nam a2200301Ia 4500
008 - FIXED-LENGTH DATA ELEMENTS--GENERAL INFORMATION
fixed length control field 180803s9999 xx 000 0 und d
020 ## - INTERNATIONAL STANDARD BOOK NUMBER
International Standard Book Number 9780439085731
050 ## - LIBRARY OF CONGRESS CALL NUMBER
Item number B496 1999
100 ## - MAIN ENTRY--PERSONAL NAME
Personal name Berger, Melvin
245 #0 - TITLE STATEMENT
Title Can it rain cats and dogs? :
245 #0 - TITLE STATEMENT
Remainder of title questions & answers about weather /
245 #0 - TITLE STATEMENT
Statement of responsibility, etc by Melvin Berger and Gilda Berger ; ilustrated by Robert Sullivan.
260 ## - PUBLICATION, DISTRIBUTION, ETC. (IMPRINT)
Place of publication, distribution, etc Broadway, New York :
260 ## - PUBLICATION, DISTRIBUTION, ETC. (IMPRINT)
Name of publisher, distributor, etc Scholastic,
260 ## - PUBLICATION, DISTRIBUTION, ETC. (IMPRINT)
Date of publication, distribution, etc 1999
300 ## - PHYSICAL DESCRIPTION
Extent 48 pages :
300 ## - PHYSICAL DESCRIPTION
Other physical details colored ;
300 ## - PHYSICAL DESCRIPTION
Dimensions 20cm.
500 ## - GENERAL NOTE
General note 710
650 ## - SUBJECT ADDED ENTRY--TOPICAL TERM
Topical term or geographic name as entry element Juvenile nonfiction --
650 ## - SUBJECT ADDED ENTRY--TOPICAL TERM
Topical term or geographic name as entry element Questions and answers.
650 ## - SUBJECT ADDED ENTRY--TOPICAL TERM
Topical term or geographic name as entry element Weather -- Miscellanea --
650 ## - SUBJECT ADDED ENTRY--TOPICAL TERM
General subdivision General.
650 ## - SUBJECT ADDED ENTRY--TOPICAL TERM
General subdivision Juvenile Literature.
700 ## - ADDED ENTRY--PERSONAL NAME
Personal name Berger, Gilda.
700 ## - ADDED ENTRY--PERSONAL NAME
Personal name Sullivan, Robert.
700 ## - ADDED ENTRY--PERSONAL NAME
Personal name Title.
Holdings
Withdrawn status Lost status Damaged status Home library Current library Shelving location Date acquired Cost, normal purchase price Total Checkouts Full call number Barcode Date last seen Price effective from Koha item type
      Stonyhurst Southville International School (Malarayat) Stonyhurst Southville International School (Malarayat)   08/03/2018 0.00   LEX B496 1999 SSISM5582 08/03/2018 08/03/2018 Lexile

Can it rain cats and dogs? :

APA

Berger M., Berger G., Sullivan R. & Title.Can it rain cats and dogs?. Broadway, New York: .

Chicago

Berger Melvin, Berger Gilda, Sullivan Robert and Title.Can it rain cats and dogs?. Broadway, New York: .

Harvard

Berger M., Berger G., Sullivan R. and Title.Can it rain cats and dogs?. Broadway, New York: .

MLA

Berger Melvin, Berger Gilda, Sullivan Robert and Title.Broadway, New York: . .

  • Place hold
  • Print
  • Cite
  • Add to your cart (remove)
  • Save record
    BIBTEX Dublin Core MARCXML MARC (non-Unicode/MARC-8) MARC (Unicode/UTF-8) MARC (Unicode/UTF-8, Standard) MODS (XML) RIS
  • More searches
    Search for this title in:
    Other Libraries (WorldCat) Other Databases (Google Scholar) Online Stores (Bookfinder.com) Open Library (openlibrary.org)

Exporting to Dublin Core...

SOUTHVILLE LIBRARY

Southville International School and Colleges Library

1281 Tropical Ave. Cor. Luxembourg St., BF Homes International, Las Pinas City

Tel. No. 8256374 / 252358 Loc. 117/146

Powered by Koha